Twórcy, którzy nie liczą się do rankingu - Statystyki

Ogólne statystyki
  • Ten quiz został rozwiązany 11 razy
  • Średni wynik to 6 z 23
Statystyki odpowiedzi
Twórca % Poprawnych
Quizmaster
100%
punkPolska
83%
DeutschPunk
67%
BasketballPunk
50%
MusicPunk
50%
PunkEspanol
50%
BaseballPunk
33%
FootballPunk
33%
HistoryPunk
33%
TVPunk
33%
PoliticsPunk
17%
punkfrancais
17%
PunkItaliano
17%
PunkPortugues
17%
exmalkiboy
0%
formerfrontpage
0%
GeoPunk
0%
johnnyaitch
0%
LanguagePunk
0%
MathPunk
0%
MoviePunk
0%
PunkTriviaFr
0%
SoccerPunk
0%
Nie znaleziono quizów pasujących do podanych kryteriów
Rozkład punktacji
Procent ludzi z każdym wynikiem
Percentyl według liczby udzielonych odpowiedzi
Twoja historia wyników
Nie rozwiązałeś tego quizu